MARC details
| 000 -CABECERA |
| campo de control de longitud fija |
03466nam a2200409 a 4500 |
| 003 - IDENTIFICADOR DEL NÚMERO DE CONTROL |
| campo de control |
CHAP |
| 005 - FECHA Y HORA DE LA ÚLTIMA TRANSACCIÓN |
| campo de control |
20250127183216.0 |
| 007 - CAMPO FIJO DE DESCRIPCIÓN FÍSICA--INFORMACIÓN GENERAL |
| campo de control de longitud fija |
ta |
| 008 - DATOS DE LONGITUD FIJA--INFORMACIÓN GENERAL |
| campo de control de longitud fija |
250127s2022 mx ado|fr|||| 001 0 spa d |
| 020 ## - NÚMERO INTERNACIONAL ESTÁNDAR DEL LIBRO |
| Número Internacional Estándar del Libro |
978-607-17-2395-6 |
| 040 ## - FUENTE DE LA CATALOGACIÓN |
| Centro catalogador/agencia de origen |
mxchpua |
| Centro/agencia transcriptor |
CHAP |
| Normas de descripción |
rda |
| 041 ## - CÓDIGO DE LENGUA |
| Código de lengua del texto/banda sonora o título independiente |
spa |
| Código de lengua del sumario o resumen |
spa |
| Código de lengua de la tabla de contenido |
spa |
| Código de lengua original |
spa |
| 050 10 - SIGNATURA TOPOGRÁFICA DE LA BIBLIOTECA DEL CONGRESO |
| Número de clasificación |
GF26 |
| Número de documento/Ítem |
.F73 2022 |
| 082 00 - NÚMERO DE LA CLASIFICACIÓN DECIMAL DEWEY |
| Número de edición |
20 |
| Número de clasificación |
304.2 |
| Número de documento/Ítem |
F73 2022 |
| 100 1# - ENTRADA PRINCIPAL--NOMBRE DE PERSONA |
| Nombre de persona |
Franco López, Jonathan |
| 9 (RLIN) |
42966 |
| 245 10 - MENCIÓN DE TÍTULO |
| Título |
Evaluación del impacto ambiental : |
| Resto del título |
técnicas y procedimientos metodológicos / |
| Mención de responsabilidad, etc. |
Jonathan Franco López |
| 250 ## - MENCIÓN DE EDICIÓN |
| Mención de edición |
1a edición |
| 264 ## - PRODUCCIÓN, PUBLICACIÓN, DISTRIBUCIÓN, FABRICACIÓN Y COPYRIGHT |
| Producción, publicación, distribución, fabricación y copyright |
México : |
| Nombre del de productor, editor, distribuidor, fabricante |
Trillas, |
| Fecha de producción, publicación, distribución, fabricación o copyright |
2022 |
| 300 ## - DESCRIPCIÓN FÍSICA |
| Extensión |
319 páginas : |
| Otras características físicas |
ilustraciones, gráficas, diagramas, tablas, fotos |
| 336 ## - TIPO DE CONTENIDO |
| Fuente |
rdacontent |
| Término de tipo de contenido |
texto |
| Código de tipo de contenido |
txt |
| 337 ## - TIPO DE MEDIO |
| Fuente |
rdamedia |
| Nombre/término del tipo de medio |
sin medio |
| Código del tipo de medio |
n |
| 338 ## - TIPO DE SOPORTE |
| Fuente |
rdacarrier |
| Nombre/término del tipo de soporte |
volumen |
| Código del tipo de soporte |
nc |
| 504 ## - NOTA DE BIBLIOGRAFÍA, ETC. |
| Nota de bibliografía, etc. |
Bibliografía: páginas 307-309 |
| 505 0# - NOTA DE CONTENIDO CON FORMATO |
| Nota de contenido con formato |
1. Generalidades --<br/>2. La evaluación del impacto ambiental --<br/>3. Marco legal aplicable a los esudios de impacto ambiental --<br/>4. Aspectos relacionados con la evaluación de los componentes ambientales --<br/>5. Metodologías para identificación y evaluación de impactos ambientales --<br/>6. Metodologías (métodos ad hoc) para identificación y evaluación de impactos ambientales --<br/>7. Metodologías [listas de verificación o chequeo (checklist)] para identificación y evaluación de impactos ambientales --<br/>8. Metodologías (matrices) para identificación y evaluación de impactos ambientales --<br/>9. Metodologías (redes) para identificación y evaluación de impactos ambientales --<br/>10. Metodologías (métodos cartográficos) para identificación y evaluación de impactos ambientales --<br/>11. Otras metodologías para identificación y evaluación de impactos ambientales --<br/>12. Medidas de mitigación. |
| 520 2# - SUMARIO, ETC. |
| Sumario, etc. |
Las evaluaciones de impacto ambiental pretenden, como principio, preservar en la mayor medida posible un equilibrio entre el desarrollo de la actividad y los componentes del ambiente, a sabiendas de que, por definición, toda actividad o proyecto humano lo altera en mayor o menor medida, No se trata entonces de constituir un obstáculo a las actividades , sino de convertirse en un instrumento que ayude a prevenir alteraciones significativas del entorno natural, así como las condiciones preexistentes y de los ecosistemas humanos, para mejorar las condiciones de vida de los grupos sociales.Este libro presenta diferentes metodologías para identificación y evaluación de impactos ambientales cuyo objetivo es, por una parte, la protección del ambiente y, por otra, revertir los problemas de degradación existentes, debidos a la explotación indiscriminada de los recursos naturales en diversas zonas del planeta. Con esto se busca poner en práctica alternativas de desarrollo sostenible o sustentable, que satisfagan las necesidades del presente sin comprometer las de generaciones futuras. |
| 650 17 - PUNTO DE ACCESO ADICIONAL DE MATERIA--TÉRMINO DE MATERIA |
| Término de materia o nombre geográfico como elemento de entrada |
Ecología humana |
| Fuente del encabezamiento o término |
atg |
| 9 (RLIN) |
35179 |
| 650 13 - PUNTO DE ACCESO ADICIONAL DE MATERIA--TÉRMINO DE MATERIA |
| Término de materia o nombre geográfico como elemento de entrada |
Evaluación de impacto ambiental |
| Fuente del encabezamiento o término |
atg |
| 9 (RLIN) |
156818 |
| 650 13 - PUNTO DE ACCESO ADICIONAL DE MATERIA--TÉRMINO DE MATERIA |
| Término de materia o nombre geográfico como elemento de entrada |
Seres humanos |
| Subdivisión general |
Manejo de recursos naturales |
| Fuente del encabezamiento o término |
atg |
| 9 (RLIN) |
189951 |
| 650 13 - PUNTO DE ACCESO ADICIONAL DE MATERIA--TÉRMINO DE MATERIA |
| Término de materia o nombre geográfico como elemento de entrada |
Gestión ambiental |
| Fuente del encabezamiento o término |
atg |
| 9 (RLIN) |
143891 |
| 650 13 - PUNTO DE ACCESO ADICIONAL DE MATERIA--TÉRMINO DE MATERIA |
| Término de materia o nombre geográfico como elemento de entrada |
Sostenibilidad ambiental |
| Fuente del encabezamiento o término |
atg |
| 9 (RLIN) |
189953 |
| 650 13 - PUNTO DE ACCESO ADICIONAL DE MATERIA--TÉRMINO DE MATERIA |
| Término de materia o nombre geográfico como elemento de entrada |
Human ecology |
| Fuente del encabezamiento o término |
atg |
| 9 (RLIN) |
189950 |
| 650 13 - PUNTO DE ACCESO ADICIONAL DE MATERIA--TÉRMINO DE MATERIA |
| Término de materia o nombre geográfico como elemento de entrada |
Environmental assessment |
| Fuente del encabezamiento o término |
atg |
| 9 (RLIN) |
162347 |
| 650 13 - PUNTO DE ACCESO ADICIONAL DE MATERIA--TÉRMINO DE MATERIA |
| Término de materia o nombre geográfico como elemento de entrada |
Humans |
| Subdivisión general |
Natural resource management |
| Fuente del encabezamiento o término |
atg |
| 9 (RLIN) |
189952 |
| 650 13 - PUNTO DE ACCESO ADICIONAL DE MATERIA--TÉRMINO DE MATERIA |
| Término de materia o nombre geográfico como elemento de entrada |
Environmental management |
| Fuente del encabezamiento o término |
atg |
| 9 (RLIN) |
160239 |
| 650 13 - PUNTO DE ACCESO ADICIONAL DE MATERIA--TÉRMINO DE MATERIA |
| Término de materia o nombre geográfico como elemento de entrada |
Environmental sustainability |
| Fuente del encabezamiento o término |
atg |
| 9 (RLIN) |
189954 |
| 942 ## - ELEMENTOS DE PUNTO DE ACCESO ADICIONAL (KOHA) |
| Fuente del sistema de clasificación o colocación |
Dewey Decimal Classification |
| Tipo de ítem Koha |
Libro |